Statistics for World Location

Click here to take the quiz!

General Stats

  • This quiz has been taken 9 times
  • The average score is 72 of 195

Answers on the Map

Answers color-coded by a green-red scale on the quiz's map according to % correct below.
 

Answer Stats

Answer% Correct
Canada
100%
United States
86%
Afghanistan
57%
Mexico
57%
Albania
43%
Algeria
43%
Andorra
43%
Argentina
43%
Armenia
43%
Australia
43%
Austria
43%
Bahamas
43%
Bahrain
43%
Bangladesh
43%
Belarus
43%
Belgium
43%
Belize
43%
Bhutan
43%
Bolivia
43%
Bosnia and Herzegovina
43%
Brazil
43%
Bulgaria
43%
Cambodia
43%
Chile
43%
China
43%
Colombia
43%
Costa Rica
43%
Croatia
43%
Cuba
43%
Cyprus
43%
Czechia
43%
Denmark
43%
Dominican Republic
43%
Ecuador
43%
Egypt
43%
El salvador
43%
Estonia
43%
Finland
43%
France
43%
Germany
43%
Greece
43%
Guatemala
43%
Haiti
43%
Honduras
43%
Hungary
43%
Iceland
43%
India
43%
Indonesia
43%
Iran
43%
Iraq
43%
Israel
43%
Italy
43%
Jamaica
43%
Japan
43%
Jordan
43%
Kazakhstan
43%
Kiribati
43%
Kosovo
43%
Kuwait
43%
Kyrgyzstan
43%
Laos
43%
Latvia
43%
Lebanon
43%
Libya
43%
Lithuania
43%
Malaysia
43%
Maldives
43%
Malta
43%
Micronesia
43%
Moldova
43%
Montenegro
43%
Morocco
43%
Myanmar
43%
Nepal
43%
New Zealand
43%
Nicaragua
43%
North Korea
43%
North Macedonia
43%
Norway
43%
Oman
43%
Pakistan
43%
Panama
43%
Papua New Guinea
43%
Paraguay
43%
Peru
43%
Philippines
43%
Poland
43%
Portugal
43%
Qatar
43%
Romania
43%
Russia
43%
Saudi Arabia
43%
Serbia
43%
Slovakia
43%
Slovenia
43%
South Korea
43%
Spain
43%
Sri Lanka
43%
Suriname
43%
Sweden
43%
Switzerland
43%
Syria
43%
Taiwan
43%
Tajikistan
43%
Thailand
43%
Tunisia
43%
Turkey
43%
Ukraine
43%
United Arab Emirates
43%
United Kingdom
43%
Uruguay
43%
Uzbekistan
43%
Venezuela
43%
Vietnam
43%
Yemen
43%
Angola
29%
Azerbaijan
29%
Benin
29%
Botswana
29%
Brunei
29%
Burkina Faso
29%
Burundi
29%
Cameroon
29%
Cape Verde
29%
Central African Republic
29%
Chad
29%
Comoros
29%
Democratic Republic of the Congo
29%
Djibouti
29%
East Timor
29%
Equatorial Guinea
29%
Eritrea
29%
Eswatini
29%
Ethiopia
29%
Fiji
29%
Gabon
29%
Gambia
29%
Georgia
29%
Ghana
29%
Guinea
29%
Guinea Bissau
29%
Guyana
29%
Ivory Coast
29%
Kenya
29%
Lesotho
29%
Liberia
29%
Liechtenstein
29%
Luxembourg
29%
Madagascar
29%
Malawi
29%
Mali
29%
Marshall Islands
29%
Mauritania
29%
Monaco
29%
Mongolia
29%
Mozambique
29%
Namibia
29%
Nauru
29%
Netherlands
29%
Niger
29%
Nigeria
29%
Palau
29%
Republic of the Congo
29%
Rwanda
29%
Saint Kitts and Nevis
29%
Saint Lucia
29%
Saint Vincent and the Grenadines
29%
Samoa
29%
San Marino
29%
Sao Tome and Principe
29%
Senegal
29%
Seychelles
29%
Sierra Leone
29%
Solomon Islands
29%
Somalia
29%
South Africa
29%
South Sudan
29%
Sudan
29%
Tanzania
29%
Togo
29%
Tonga
29%
Trinidad and Tobago
29%
Turkmenistan
29%
Tuvalu
29%
Uganda
29%
Vanuatu
29%
Zambia
29%
Zimbabwe
29%
Antigua and Barbuda
14%
Barbados
14%
Dominica
14%
Grenada
14%
Mauritius
14%
Singapore
14%
Vatican City
14%

Score Distribution

Percentile by Number Answered

Percent of People with Each Score

Your Score History

You have not taken this quiz